000 00689nam a2200241 i 4500
001 C2-0130880
003 PPAK
005 20180727122017.0
008 971007s1988 enka|||| ||||| | eng d
020 _a1851701613
040 _aPPAK
_beng
_cPPAK
_erda
082 0 4 _a398.21
_223
090 0 0 _a398.21
_bCAR
_dK
100 1 _aCarter, Geraldine,
_eauthor
245 1 0 _aSnow white and the seven dwarfs and other stories
264 1 _aLondon :
_bBracken Books ,
_c1988
300 _a[53 pages] :
_bcolour illustrations ;
_c28 cm
336 _2rdacontent
_atext
337 _2rdamedia
_aunmediated
338 _2rdacarrier
_avolume
650 1 0 _aFolk literature, English
942 _ddc
_cB
999 _c40328
_d40328